000 01655cam a22003134a 4500
001 12915645
005 20030522112234.0
008 020904s2003 caua 001 0 eng
010 _a 2002112529
020 _a0534368883
035 _a(DLC) 2002112529
040 _aDLC
_cDLC
_dDLC
042 _apcc
050 0 0 _aTA340
_b.W52 2003
082 0 0 _a620.0015192
_221
_bWIL
100 1 _aWilliams, Richard H.,
_d1931-
245 1 0 _aProbability, statistics, and random processes for engineers /
_cRichard H. Williams.
260 _aPacific Grove, CA :
_bThomson, Brooks/Cole,
_cc2003.
300 _axii, 372 p. :
_bill. ;
_c25 cm.
504 _aIncludes bibliographical references and index.
650 0 _aEngineering
_xStatistical methods.
650 0 _aProbabilities.
942 _2ddc
_cBB
999 _c10984
_d10984